[Event "London Classic op U1600 8th"]
[Site "London"]
[Date "2016.12.11"]
[Round "5"]
[White "Allen, Timothy S"]
[Black "Subash Aravind, B."]
[Result "0-1"]
[WhiteElo "1507"]
[BlackElo "1142"]
[PlyCount "58"]
[EventDate "2016.12.09"]
[EventType "swiss"]
[EventRounds "5"]
[EventCountry "ENG"]
[SourceTitle "EXT 2019"]
[Source "ChessBase"]
[SourceDate "2018.10.10"]
[SourceVersion "1"]
[SourceVersionDate "2018.10.10"]
[SourceQuality "1"]

1. e4 c6 2. d4 d5 3. e5 c5 4. c3 Nc6 5. Nf3 Bg4 6. Be2 e6 7. Be3 Nge7 8. 0-0 cxd4 9. cxd4 Nf5 10. Nc3 Be7 11. Qd2 0-0 12. h3 Bxf3 13. Bxf3 a6 14. a3 Na5 15. Bd1 b5 16. b3 Rc8 17. Qb2 Qc7 18. Rc1 Nxe3 19. fxe3 b4 20. Na2 bxa3 21. Qd2 Qb6 22. Rb1 Rc7 23. Bc2 Rfc8 24. Rfc1 Nc6 25. Kh2 Nb4 26. Bd1 Nxa2 27. Rxc7 Qxc7 28. Qxa2 a5 29. Be2 f6 0-1